[Event "tm FRA 1st"]
[Site "France"]
[Date "1999.??.??"]
[Round "10"]
[White "Kovarcik, Thomas"]
[Black "Adrian, Claude"]
[Result "1/2-1/2"]
[WhiteElo "2181"]
[BlackElo "2309"]
[Annotator "Orange-Nancy"]
[PlyCount "81"]
[EventDate "1999.??.??"]

1. e4 e6 2. d4 d5 3. e5 c5 4. c3 Qb6 5. Nf3 Nc6 6. Be2 cxd4 7. cxd4 Nge7 8. Nc3
Nf5 9. Na4 Bb4+ 10. Kf1 Qd8 11. a3 Be7 12. g4 Nh4 13. Nxh4 Bxh4 14. Kg2 f6 15.
f4 O-O 16. Rf1 fxe5 17. fxe5 Bd7 18. Nc5 Rxf1 19. Bxf1 b6 20. Nxd7 Qxd7 21. Be3
Ne7 22. Bd3 Rf8 23. Qc2 g6 24. Rf1 Rxf1 25. Bxf1 Kg7 26. Qd2 Ng8 27. Ba6 Bd8
28. h3 Qc7 29. Bb5 Be7 30. Qf2 Bd8 31. Qe2 Nh6 32. Qd2 Nf7 33. Bd3 h6 34. Qf2
Ng5 35. h4 Ne4 36. Qf4 g5 37. hxg5 Bxg5 38. Qf3 Bxe3 39. Qxe3 Ng5 40. Qd2 Qf7
41. Qe3 1/2-1/2

[Event "tm FRA 1st"]
[Site "France"]
[Date "1999.??.??"]
[Round "10"]
[White "Franc, Nathalie"]
[Black "Guadalpi, Celine"]
[Result "1/2-1/2"]
[WhiteElo "1940"]
[BlackElo "1980"]
[Annotator "Nancy-Orange"]
[PlyCount "49"]
[EventDate "1999.??.??"]

1. e4 c6 2. d4 g6 3. Nf3 Bg7 4. c3 d6 5. a4 a5 6. Bd3 Nf6 7. O-O O-O 8. Re1 Bg4
9. h3 Bxf3 10. Qxf3 e5 11. dxe5 dxe5 12. Bc4 Nbd7 13. Be3 Qe7 14. Nd2 Nc5 15.
Bg5 h6 16. Bh4 Rfd8 17. Qe3 Rd7 18. Nb3 Nxb3 19. Bxb3 g5 20. Bg3 Rdd8 21. Rad1
Nd7 22. Rd2 Nc5 23. Rxd8+ Rxd8 24. Bc2 Ne6 25. Rd1 1/2-1/2

[Event "tm FRA 1st"]
[Site "France"]
[Date "1999.??.??"]
[Round "10"]
[White "Komarov, Dimitri"]
[Black "Hodgson, Julian"]
[Result "1/2-1/2"]
[WhiteElo "2588"]
[BlackElo "2565"]
[Annotator "Drancy-Le Mans"]
[PlyCount "29"]
[EventDate "1999.??.??"]

1. d4 d6 2. Nf3 Bg4 3. c4 Nd7 4. Nc3 Bxf3 5. exf3 g6 6. Be3 Bg7 7. h4 h5 8. Rc1
Nh6 9. g4 hxg4 10. fxg4 f5 11. Be2 Nxg4 12. Bxg4 fxg4 13. Qxg4 Nf8 14. Qe4 c6
15. Kd2 1/2-1/2

[Event "tm FRA 1st"]
[Site "France"]
[Date "1999.??.??"]
[Round "10"]
[White "Doornbos, Yann"]
[Black "Karr, Jean-Philippe"]
[Result "1-0"]
[WhiteElo "2332"]
[BlackElo "2347"]
[Annotator "Drancy-Le Mans"]
[PlyCount "71"]
[EventDate "1999.??.??"]

1. d4 Nf6 2. Nf3 g6 3. Bg5 Ne4 4. Bh4 d5 5. Nbd2 Bg7 6. e3 Nd6 7. Bg3 O-O 8.
Be2 b6 9. O-O Bb7 10. c4 dxc4 11. Nxc4 Nxc4 12. Bxc4 c5 13. dxc5 Nd7 14. Qe2
Nxc5 15. Rfd1 Qc8 16. Nd4 e5 17. Nb5 Ne4 18. Bh4 a6 19. Nd6 Nxd6 20. Rxd6 b5
21. Bb3 Qf5 22. f3 e4 23. f4 Kh8 24. Rad1 f6 25. Be1 Qc5 26. Ba5 Rae8 27. Be6
f5 28. Bb6 Qb4 29. R1d4 Rxe6 30. Rxb4 Rxd6 31. Bc5 Rfd8 32. Bxd6 Rxd6 33. a4
Bc6 34. Qc2 Bd7 35. axb5 axb5 36. Rxb5 1-0

[Event "tm FRA 1st"]
[Site "France"]
[Date "1999.??.??"]
[Round "10"]
[White "Berthelot, Yannick"]
[Black "Moracchini, Fabrice"]
[Result "1/2-1/2"]
[WhiteElo "2327"]
[BlackElo "2303"]
[Annotator "Le Mans-Drancy"]
[PlyCount "45"]
[EventDate "1999.??.??"]

1. e4 e6 2. d4 d5 3. Nc3 Nf6 4. Bg5 Bb4 5. e5 h6 6. Bd2 Bxc3 7. bxc3 Ne4 8. Qg4
Kf8 9. h4 c5 10. Bd3 Nxd2 11. Kxd2 Nc6 12. Rh3 c4 13. Be2 Bd7 14. Qf4 b5 15.
Bh5 Be8 16. a3 a5 17. Ne2 Qe7 18. Rg3 Qb7 19. Qf3 b4 20. axb4 axb4 21. Rxa8
bxc3+ 22. Qxc3 Qxa8 23. Qa3+ 1/2-1/2

[Event "tm FRA 1st"]
[Site "France"]
[Date "1999.??.??"]
[Round "10"]
[White "Borne, Niels"]
[Black "Sulypa, Alexandre"]
[Result "0-1"]
[WhiteElo "2305"]
[BlackElo "2424"]
[Annotator "Drancy-Le Mans"]
[PlyCount "100"]
[EventDate "1999.??.??"]

1. d4 Nf6 2. c4 g6 3. Nc3 Bg7 4. e4 d6 5. Bd3 e5 6. d5 Na6 7. Nge2 O-O 8. O-O
c6 9. f3 cxd5 10. cxd5 Qb6+ 11. Kh1 Nc5 12. Be3 Bd7 13. Rb1 a5 14. a4 Qb4 15.
Nb5 Nxd3 16. Qxd3 Qxa4 17. Nxd6 Qb4 18. Qa3 Rfb8 19. Qxb4 axb4 20. Rfc1 Bf8 21.
Nc4 Bb5 22. Ng3 Nd7 23. Nf1 Rc8 24. Nfd2 b3 25. Rc3 Ra4 26. Rxb3 Bxc4 27. Rxb7
Bd3 28. Re1 Nc5 29. Rb6 Rca8 30. Kg1 Ba6 31. Rb1 Nd7 32. Rc6 Rb8 33. b3 Ra2 34.
Rbc1 Bb4 35. Nc4 Bb5 36. Rc7 Kg7 37. f4 exf4 38. Bd4+ Kh6 39. e5 Re2 40. e6
fxe6 41. Kf1 Re4 42. Ba7 Ra8 43. Rd1 exd5 44. Rxd5 Bxc4+ 45. bxc4 Nf6 46. Rb5
Re1+ 47. Kf2 Ng4+ 48. Kf3 Nxh2+ 49. Kf2 Rae8 50. Bd4 R8e2# 0-1

[Event "tm FRA 1st"]
[Site "France"]
[Date "1999.??.??"]
[Round "10"]
[White "Marcelin, Cyril"]
[Black "Giffard, Nicolas"]
[Result "1-0"]
[WhiteElo "2383"]
[BlackElo "2369"]
[Annotator "Le Mans-Drancy"]
[PlyCount "87"]
[EventDate "1999.??.??"]

1. e4 c6 2. d4 d5 3. exd5 cxd5 4. c4 Nf6 5. Nc3 e6 6. Nf3 Be7 7. cxd5 exd5 8.
Ne5 O-O 9. Be2 Ne4 10. Qb3 Nxc3 11. bxc3 Nc6 12. O-O Na5 13. Qc2 f6 14. Ng4 f5
15. Ne5 Be6 16. Re1 Bd6 17. Bf3 Qc8 18. Bf4 Re8 19. Re2 Bxe5 20. Bxe5 Qd7 21.
Rae1 b5 22. Qc1 h6 23. h4 Bf7 24. Qf4 Rac8 25. g4 fxg4 26. Bxg4 Be6 27. Bxg7
Qxg7 28. Rxe6 Rxe6 29. Rxe6 h5 30. f3 hxg4 31. Qf5 gxf3+ 32. Rg6 Rxc3 33. Qxd5+
Kh7 34. Rxg7+ Kxg7 35. Qd7+ Kh6 36. Qxb5 Nc4 37. Qg5+ Kh7 38. Qf5+ Kg8 39. Qg6+
Kf8 40. Qf6+ Ke8 41. d5 Nd2 42. Qe6+ Kd8 43. d6 Rc1+ 44. Kh2 1-0

[Event "tm FRA 1st"]
[Site "France"]
[Date "1999.??.??"]
[Round "10"]
[White "Bujisho, Benjamin"]
[Black "Delebarre, Xavier"]
[Result "1/2-1/2"]
[WhiteElo "2270"]
[BlackElo "2261"]
[Annotator "Le Mans-Drancy"]
[PlyCount "120"]
[EventDate "1999.??.??"]

1. d4 c5 2. dxc5 Na6 3. g3 Nxc5 4. Bg2 Nf6 5. Nc3 g6 6. e4 d6 7. Nge2 Bg7 8.
O-O O-O 9. h3 Rb8 10. Be3 b6 11. g4 Bb7 12. Ng3 Qd7 13. g5 Ne8 14. f4 Na4 15.
Nxa4 Qxa4 16. c3 Qxd1 17. Rfxd1 Nc7 18. h4 h5 19. e5 Bxg2 20. exd6 Bh3 21. dxc7
Rbc8 22. Bd4 Rxc7 23. Bxg7 Kxg7 24. Rd4 Rfc8 25. Rad1 Rc4 26. Kf2 R8c5 27. a3
Bg4 28. R1d2 Rc6 29. Nf1 R4c5 30. Ne3 Be6 31. Rd8 Rc8 32. Kf3 f6 33. Ke4 Kf7
34. R2d4 Bh3 35. Rxc8 Bxc8 36. c4 e5 37. Rd6 f5+ 38. Kf3 e4+ 39. Kf2 Be6 40.
Rd4 Ke7 41. Ke1 Rc6 42. Kd2 Rd6 43. Kc3 Rxd4 44. Kxd4 Kd6 45. b4 Bf7 46. Nd1
Be8 47. Nc3 Bc6 48. Ne2 Be8 49. Ke3 Bc6 50. Nd4 Bd7 51. Nc2 Be8 52. Kd4 Bf7 53.
Ne3 Be6 54. Nc2 Bd7 55. b5 Be6 56. a4 Bc8 57. Ne3 Be6 58. Nd1 Bf7 59. Ne3 Be6
60. Nd1 Bf7 1/2-1/2

[Event "tm FRA 1st"]
[Site "France"]
[Date "1999.??.??"]
[Round "10"]
[White "Mora, Virginie"]
[Black "Dacalor, Aurelie"]
[Result "1-0"]
[WhiteElo "2140"]
[BlackElo "2105"]
[Annotator "Drancy-Le Mans"]
[PlyCount "73"]
[EventDate "1999.??.??"]

1. e4 Nf6 2. e5 Nd5 3. d4 d6 4. c4 Nb6 5. exd6 cxd6 6. Nf3 g6 7. Be2 Bg7 8. O-O
O-O 9. Be3 Qc7 10. Nbd2 e5 11. Qb3 Bg4 12. h3 Bxf3 13. Nxf3 Nc6 14. dxe5 dxe5
15. Rfd1 Nd7 16. c5 h6 17. Rac1 Rae8 18. Qc4 Kh7 19. b4 e4 20. Nd4 Nxd4 21.
Bxd4 Ne5 22. Qb3 Nd3 23. Rc4 Ne5 24. Rcc1 f5 25. Bb5 Re7 26. c6 Nd3 27. Rc4
bxc6 28. Rxc6 Qb7 29. Bxg7 Rxg7 30. a4 Re7 31. Rd6 Qc7 32. Rc6 Qb7 33. Rc2 Nf4
34. Qe3 Nd5 35. Qd4 Nf4 36. Qd6 Nh5 37. Ba6 1-0

[Event "tm FRA 1st"]
[Site "France"]
[Date "1999.??.??"]
[Round "11"]
[White "Bezold, Michael"]
[Black "Nataf, Igor-Alexandre"]
[Result "1/2-1/2"]
[WhiteElo "2503"]
[BlackElo "2475"]
[Annotator "Noyon-Clichy"]
[PlyCount "24"]
[EventDate "1999.??.??"]

1. b3 e5 2. Bb2 d6 3. g3 g6 4. Bg2 Bg7 5. e3 Nf6 6. Ne2 O-O 7. O-O Re8 8. d3 d5
9. Nd2 c5 10. c4 d4 11. exd4 cxd4 12. b4 a5 1/2-1/2

[Event "tm FRA 1st"]
[Site "France"]
[Date "1999.??.??"]
[Round "11"]
[White "Degraeve, Jean-Marc"]
[Black "Skripchenko-Lautier, Almira"]
[Result "0-1"]
[WhiteElo "2536"]
[BlackElo "2414"]
[Annotator "Clichy-Noyon"]
[PlyCount "66"]
[EventDate "1999.??.??"]

1. e4 c5 2. Nf3 Nc6 3. Bb5 g6 4. Bxc6 bxc6 5. O-O Bg7 6. c3 Nh6 7. d4 cxd4 8.
cxd4 f6 9. Qc2 Nf7 10. Be3 O-O 11. Nbd2 Qa5 12. Rfc1 Rb8 13. Nc4 Qh5 14. Nfd2
f5 15. exf5 gxf5 16. Nf3 d6 17. Bf4 Be6 18. Ne3 Bd7 19. Nc4 h6 20. Re1 Bf6 21.
Rad1 Kh8 22. Nfe5 Be8 23. Nd3 Ng5 24. Bg3 Ne4 25. Nf4 Qf7 26. b3 Rg8 27. Ne3
Bd7 28. Nf1 Rb4 29. Ne2 Qg7 30. Qd3 a5 31. Nd2 Bxd4 32. Nxd4 Rxd4 33. Qe3 Nxd2
0-1

[Event "tm FRA 1st"]
[Site "France"]
[Date "1999.??.??"]
[Round "11"]
[White "Afek, Yochanan"]
[Black "Conquest, Stuart"]
[Result "0-1"]
[WhiteElo "2362"]
[BlackElo "2488"]
[Annotator "Noyon-Clichy"]
[PlyCount "84"]
[EventDate "1999.??.??"]

1. e4 c6 2. d4 d5 3. exd5 cxd5 4. Bd3 g6 5. c3 Bg7 6. Bf4 Nc6 7. Nf3 a6 8. O-O
Nf6 9. Nbd2 Nh5 10. Be3 O-O 11. Re1 Qc7 12. c4 Nb4 13. Bf1 dxc4 14. Nxc4 b5 15.
Nce5 Bb7 16. a4 bxa4 17. Qxa4 a5 18. Rec1 Qd8 19. Rc5 Qd6 20. Rxa5 Rxa5 21.
Qxa5 Nc2 22. Rc1 Nxe3 23. fxe3 Bh6 24. Ng4 Bg7 25. Rc7 Rb8 26. Nge5 Bxf3 27.
Rd7 Bxe5 28. Rxd6 Bxd6 29. gxf3 Rxb2 30. f4 Nf6 31. Qa8+ Kg7 32. Qf3 Rb3 33. h3
e6 34. Qc6 Bb8 35. Kf2 Nd5 36. Bc4 Rc3 37. Qb5 Nxe3 38. Bxe6 Bxf4 39. Qd7 Rc7
40. Qe8 fxe6 41. Qxe6 Nf5 42. Qb6 Re7 0-1

[Event "tm FRA 1st"]
[Site "France"]
[Date "1999.??.??"]
[Round "11"]
[White "Hebden, Mark"]
[Black "Mulder, Bart-Piet"]
[Result "1-0"]
[WhiteElo "2556"]
[BlackElo "2235"]
[Annotator "Clichy-Noyon"]
[PlyCount "65"]
[EventDate "1999.??.??"]

1. d4 d5 2. c4 dxc4 3. Nf3 Nf6 4. e3 Bg4 5. Nbd2 e6 6. Nxc4 Bb4+ 7. Bd2 Bxd2+
8. Qxd2 Bxf3 9. gxf3 Qe7 10. O-O-O Nc6 11. Rg1 g6 12. f4 O-O-O 13. Kb1 Kb8 14.
a3 Nd5 15. Qc2 Nb6 16. Nd2 Ka8 17. Nb3 f6 18. Rc1 Rc8 19. Bg2 Nb8 20. Qc5 Rhe8
21. Qa5 c6 22. Rc5 N8d7 23. Rc2 e5 24. fxe5 fxe5 25. Rgc1 exd4 26. Nxd4 Ne5 27.
f4 Ned7 28. Rxc6 bxc6 29. Rxc6 Kb8 30. Nb5 Rxc6 31. Qxa7+ Kc8 32. Bxc6 Nb8 33.
Bb7+ 1-0

[Event "tm FRA 1st"]
[Site "France"]
[Date "1999.??.??"]
[Round "11"]
[White "Renet, Olivier"]
[Black "Giua, Frederic"]
[Result "1-0"]
[WhiteElo "2500"]
[BlackElo "2145"]
[Annotator "Clichy-Noyon"]
[PlyCount "81"]
[EventDate "1999.??.??"]

1. e4 d5 2. exd5 Qxd5 3. Nc3 Qa5 4. d4 Nf6 5. Nf3 c6 6. Bd2 Bf5 7. Ne5 Nbd7 8.
Nc4 Qc7 9. Qf3 Bg4 10. Bf4 Bxf3 11. Bxc7 Bd5 12. O-O-O Rc8 13. Bg3 Bxc4 14.
Bxc4 e6 15. f3 Be7 16. Ne4 O-O 17. Rhe1 Rfd8 18. Bf1 c5 19. dxc5 Nxe4 20. Rxe4
Bxc5 21. Rc4 Be3+ 22. Kb1 Nc5 23. Rxd8+ Rxd8 24. Bd3 b5 25. Rc3 Bd4 26. Ra3 b4
27. Ra5 Nxd3 28. cxd3 Bb6 29. Rb5 Rxd3 30. Kc2 b3+ 31. Rxb3 Rxb3 32. Kxb3 Bd4
33. Bb8 a6 34. Ka4 Bxb2 35. Ka5 Ba3 36. Kxa6 Kf8 37. Kb5 Ke7 38. Kc6 g5 39. Ba7
Kd8 40. Be3 h6 41. Bc5 1-0

[Event "tm FRA 1st"]
[Site "France"]
[Date "1999.??.??"]
[Round "11"]
[White "Gosset, Arnaud"]
[Black "Lamoureux, Charles"]
[Result "1-0"]
[WhiteElo "2075"]
[BlackElo "2377"]
[Annotator "Noyon-Clichy"]
[PlyCount "78"]
[EventDate "1999.??.??"]

1. d4 c5 2. d5 e5 3. c4 d6 4. Nc3 Be7 5. e4 Bg5 6. Nf3 Bxc1 7. Qxc1 Nf6 8. Be2
Na6 9. a3 Qe7 10. O-O O-O 11. Ne1 Bd7 12. Nd3 h6 13. f4 exf4 14. Qxf4 Rfe8 15.
Bf3 Rac8 16. Rae1 Nc7 17. e5 dxe5 18. Nxe5 Qd6 19. Bh5 Rxe5 20. Qxe5 Qf8 21.
Bf3 Nce8 22. Ne4 Nxe4 23. Bxe4 Nd6 24. Bd3 a6 25. Qe7 Ba4 26. Rf3 Qxe7 27. Rxe7
Kf8 28. Re5 Rc7 29. Be2 Bd7 30. Bd3 Ba4 31. Re6 Rd7 32. Bf1 Bd1 33. Rf2 Bb3 34.
Rf4 b5 35. Rxd6 Rxd6 36. cxb5 axb5 37. Bxb5 Bxd5 38. a4 Ke7 39. a5 Bb7 1-0

[Event "tm FRA 1st"]
[Site "France"]
[Date "1999.??.??"]
[Round "11"]
[White "Wolfangel, Florence"]
[Black "Nepeina-Leconte, Maria"]
[Result "1/2-1/2"]
[WhiteElo "1820"]
[BlackElo "2315"]
[Annotator "Noyon-Clichy"]
[PlyCount "57"]
[EventDate "1999.??.??"]

1. d4 e6 2. c4 d5 3. Nf3 c5 4. cxd5 exd5 5. dxc5 Bxc5 6. e3 Nf6 7. Nc3 O-O 8.
Be2 Nc6 9. O-O a6 10. b3 Be6 11. Bb2 Qe7 12. Na4 Bd6 13. Nd4 Ne4 14. Rc1 Bd7
15. Nb6 Rad8 16. Nxd7 Qxd7 17. Bxa6 Ra8 18. Bxb7 Qxb7 19. Nxc6 Rxa2 20. Qxd5
Rxb2 21. Qxe4 Rxb3 22. Qd4 Qc7 23. g3 Ba3 24. Rc4 h6 25. Ne5 Qb7 26. Nd7 Re8
27. Nc5 Bxc5 28. Qxc5 Rb8 29. Qc7 1/2-1/2

[Event "tm FRA 1st"]
[Site "France"]
[Date "1999.??.??"]
[Round "11"]
[White "Eliet, Nicolas"]
[Black "Baklan, Vladimir"]
[Result "1/2-1/2"]
[WhiteElo "2408"]
[BlackElo "2552"]
[Annotator "Gonfreville-Mulhouse"]
[PlyCount "40"]
[EventDate "1999.??.??"]

1. d4 Nf6 2. c4 c5 3. d5 b5 4. cxb5 a6 5. bxa6 g6 6. Nc3 Bxa6 7. g3 d6 8. Bg2
Bg7 9. Nh3 Nbd7 10. Nf4 O-O 11. O-O Ne8 12. Qc2 Nc7 13. Rb1 c4 14. Be3 Nb5 15.
Nxb5 Bxb5 16. a3 Qa5 17. Qe4 Ne5 18. Bd4 Rfc8 19. Bc3 Qa7 20. Bh3 Bd7 1/2-1/2

[Event "tm FRA 1st"]
[Site "France"]
[Date "1999.??.??"]
[Round "11"]
[White "Desbonnes, Samy"]
[Black "Koch, Jean-Rene"]
[Result "0-1"]
[WhiteElo "2235"]
[BlackElo "2485"]
[Annotator "Gonfreville-Mulhouse"]
[PlyCount "72"]
[EventDate "1999.??.??"]

1. c4 f5 2. g3 Nf6 3. Bg2 g6 4. Nc3 Bg7 5. Nf3 O-O 6. O-O d6 7. d4 Qe8 8. d5 a5
9. Nd4 Na6 10. b3 Bd7 11. Bb2 Nc5 12. a3 c6 13. b4 Nce4 14. Qd3 Qf7 15. dxc6
bxc6 16. Nb3 axb4 17. axb4 Ng4 18. f4 Rab8 19. Ra4 Be6 20. Na5 c5 21. Nxe4 fxe4
22. Qa3 Rxb4 23. Rxb4 cxb4 24. Qxb4 Ne3 25. Rc1 Bxb2 26. Qxb2 g5 27. Qd4 Nxg2
28. Kxg2 gxf4 29. gxf4 Qxf4 30. Rg1 Rf6 31. Kh1+ Rg6 32. Nc6 Rxg1+ 33. Qxg1+
Kf8 34. Qa1 Bxc4 35. Qh8+ Bg8 36. Qa1 e3 0-1

[Event "tm FRA 1st"]
[Site "France"]
[Date "1999.??.??"]
[Round "11"]
[White "Herb, Pascal"]
[Black "Lefebvre, Herve"]
[Result "1/2-1/2"]
[WhiteElo "2356"]
[BlackElo "2119"]
[Annotator "Mulhouse-Gonfreville"]
[PlyCount "26"]
[EventDate "1999.??.??"]

1. e4 e6 2. d4 d5 3. exd5 exd5 4. Nf3 Nf6 5. Bg5 Bd6 6. Bd3 O-O 7. O-O Bg4 8.
Nbd2 Nbd7 9. c3 c6 10. Qc2 Qc7 11. Rae1 Rfe8 12. Bh4 Bh5 13. Bg3 Bg6 1/2-1/2

[Event "tm FRA 1st"]
[Site "France"]
[Date "1999.??.??"]
[Round "11"]
[White "Theon, Pierre"]
[Black "Marzolo, Cyril"]
[Result "1-0"]
[WhiteElo "2145"]
[BlackElo "2435"]
[Annotator "Gonfreville-Mulhouse"]
[PlyCount "41"]
[EventDate "1999.??.??"]

1. d4 d5 2. e4 dxe4 3. Nc3 Nf6 4. f3 exf3 5. Nxf3 e6 6. Bd3 c5 7. Bg5 cxd4 8.
Bxf6 Qxf6 9. Ne4 Qd8 10. O-O Be7 11. Ne5 O-O 12. Rxf7 Rxf7 13. Nxf7 Kxf7 14.
Qh5+ Kg8 15. Nd6 Qxd6 16. Qxh7+ Kf8 17. Qh8+ Kf7 18. Qh5+ Kf8 19. Bg6 Bg5 20.
Qxg5 Nd7 21. Qd8# 1-0

[Event "tm FRA 1st"]
[Site "France"]
[Date "1999.??.??"]
[Round "11"]
[White "Riff, Sebastien"]
[Black "Vaugeois, Cyrille"]
[Result "1-0"]
[WhiteElo "2225"]
[BlackElo "2147"]
[Annotator "Mulhouse-Gonfreville"]
[PlyCount "103"]
[EventDate "1999.??.??"]

1. e4 c5 2. Nf3 Nc6 3. d4 cxd4 4. Nxd4 Nf6 5. Nc3 e6 6. Ndb5 Bb4 7. a3 Bxc3+ 8.
Nxc3 d5 9. exd5 exd5 10. Bd3 O-O 11. O-O d4 12. Ne4 Bf5 13. Bg5 Bxe4 14. Bxe4
Qd6 15. Bd3 h6 16. Bh4 Qf4 17. Bg3 Qg4 18. Re1 Rfe8 19. Qd2 a6 20. Rad1 Rxe1+
21. Rxe1 Re8 22. Rxe8+ Nxe8 23. Qe1 Nf6 24. Qf1 Qd7 25. Qe2 Qe6 26. Bc4 Qd7 27.
Qf3 Kf8 28. h3 Kg8 29. Bh2 Qe8 30. Bf4 Qc8 31. Bb3 Qf5 32. g4 Qb5 33. Kg2 Na5
34. a4 Qc6 35. Qxc6 bxc6 36. Ba2 c5 37. Bd6 Nb7 38. Be7 Ne4 39. Bd5 Ned6 40.
Kf3 g6 41. Bxb7 Nxb7 42. Ke4 f5+ 43. gxf5 Kf7 44. Bh4 gxf5+ 45. Kd5 f4 46. f3
c4 47. Kxd4 Ke6 48. Kxc4 Nd6+ 49. Kd3 Kd5 50. Bf2 Nf7 51. c4+ Kd6 52. h4 1-0

[Event "tm FRA 1st"]
[Site "France"]
[Date "1999.??.??"]
[Round "11"]
[White "Nguyen, Kim-David"]
[Black "Riff, Jean-Noel"]
[Result "1/2-1/2"]
[WhiteElo "2110"]
[BlackElo "2107"]
[Annotator "Gonfreville-Mulhouse"]
[PlyCount "27"]
[EventDate "1999.??.??"]

1. e4 c5 2. Nf3 e6 3. d4 cxd4 4. Nxd4 Nf6 5. Nc3 d6 6. Be2 Be7 7. O-O O-O 8.
Be3 Nc6 9. f4 e5 10. Nb3 exf4 11. Bxf4 Be6 12. Qe1 d5 13. Qg3 dxe4 14. Rad1
1/2-1/2

[Event "tm FRA 1st"]
[Site "France"]
[Date "1999.??.??"]
[Round "11"]
[White "Muller, Anne"]
[Black "Gervais, Claire"]
[Result "1-0"]
[WhiteElo "2110"]
[BlackElo "2201"]
[Annotator "Mulhouse-Gonfreville"]
[PlyCount "55"]
[EventDate "1999.??.??"]

1. e4 e6 2. d4 d5 3. Nd2 dxe4 4. Nxe4 Bd7 5. Nf3 Nf6 6. Bd3 Nxe4 7. Bxe4 Bc6 8.
Bd3 Nd7 9. O-O Be7 10. Re1 Bxf3 11. Qxf3 c6 12. Qg3 Bf6 13. c3 Nf8 14. Qh3 Qd6
15. a4 O-O-O 16. Be4 Ng6 17. b4 Nf4 18. Qf3 Nd5 19. Bb2 Rd7 20. b5 Bg5 21. bxc6
bxc6 22. c4 f5 23. Bxd5 cxd5 24. c5 Qa6 25. c6 Re7 26. Ba3 Ree8 27. Qg3 Bd2 28.
Reb1 1-0

[Event "tm FRA 1st"]
[Site "France"]
[Date "1999.??.??"]
[Round "11"]
[White "Cramling, Pia"]
[Black "Prie, Eric"]
[Result "1/2-1/2"]
[WhiteElo "2515"]
[BlackElo "2467"]
[Annotator "Auxerre-Montpellier"]
[PlyCount "89"]
[EventDate "1999.??.??"]

1. d4 d5 2. Nf3 Nf6 3. c4 c6 4. Nc3 a6 5. cxd5 cxd5 6. Bg5 Ne4 7. Bh4 Nxc3 8.
bxc3 Qa5 9. Qb3 Nc6 10. e3 e6 11. Bg3 Bd7 12. Bd3 Rc8 13. O-O Nd8 14. Rfc1 Qa3
15. Qd1 Rxc3 16. Rxc3 Qxc3 17. Ne5 Bd6 18. Nxd7 Kxd7 19. Bxd6 Kxd6 20. Rc1 Qa3
21. Rc8 Kd7 22. Qc2 Qa5 23. h4 Re8 24. Rc5 Qb6 25. e4 dxe4 26. Bxe4 g6 27. a4
Nc6 28. Qc3 Rc8 29. a5 Qc7 30. d5 exd5 31. Bxd5 Ke7 32. Qg7 Qf4 33. Rc3 Kd6 34.
Bxf7 Qe5 35. Qxe5+ Kxe5 36. h5 gxh5 37. Rc5+ Kf6 38. Bd5 h4 39. Kh2 Ke7 40. Be4
Kd6 41. Rd5+ Ke6 42. Rh5 Kd6 43. Rd5+ Ke6 44. Rh5 Kd6 45. Rd5+ 1/2-1/2

[Event "tm FRA 1st"]
[Site "France"]
[Date "1999.??.??"]
[Round "11"]
[White "Fressinet, Laurent"]
[Black "Vaisser, Anatoly"]
[Result "1/2-1/2"]
[WhiteElo "2424"]
[BlackElo "2559"]
[Annotator "Montpellier-Auxerre"]
[PlyCount "36"]
[EventDate "1999.??.??"]

1. e4 c5 2. Nf3 e6 3. d4 cxd4 4. Nxd4 Nf6 5. Nc3 Nc6 6. Nxc6 bxc6 7. e5 Nd5 8.
Ne4 f5 9. exf6 Nxf6 10. Nd6+ Bxd6 11. Qxd6 Qb6 12. Bd3 c5 13. Bf4 Bb7 14. O-O
Rc8 15. c4 Rc6 16. Qe5 O-O 17. Qe2 Rcc8 18. Rad1 Qc6 1/2-1/2

[Event "tm FRA 1st"]
[Site "France"]
[Date "1999.??.??"]
[Round "11"]
[White "Bellon Lopez, Juan Manuel"]
[Black "Laclau, Daniel"]
[Result "1-0"]
[WhiteElo "2447"]
[BlackElo "2292"]
[Annotator "Auxerre-Montpellier"]
[PlyCount "77"]
[EventDate "1999.??.??"]

1. d4 d5 2. Bg5 h6 3. Bh4 c6 4. e3 Qb6 5. Qc1 Bf5 6. Nf3 Nd7 7. c4 e6 8. Nc3
Ngf6 9. c5 Qd8 10. b4 g5 11. Bg3 Nh5 12. Qd2 Nxg3 13. hxg3 Bg7 14. Bd3 Qf6 15.
Bxf5 Qxf5 16. O-O O-O 17. Rfe1 Nf6 18. Rab1 a6 19. a4 Ne4 20. Nxe4 dxe4 21. Nh2
Rfd8 22. Qc2 Qd5 23. Red1 e5 24. dxe5 Qxe5 25. Nf1 Rxd1 26. Rxd1 Re8 27. Rd7
Re7 28. Rxe7 Qxe7 29. Nd2 f5 30. g4 fxg4 31. Qc4+ Kf8 32. Nxe4 Be5 33. Qd3 Kg7
34. Nd6 Qe6 35. Nxb7 g3 36. fxg3 Bxg3 37. Nd6 Be5 38. Qe4 Kf8 39. Qxc6 1-0

[Event "tm FRA 1st"]
[Site "France"]
[Date "1999.??.??"]
[Round "11"]
[White "Touzane, Olivier"]
[Black "Boudre, Jean-Pierre"]
[Result "1/2-1/2"]
[WhiteElo "2378"]
[BlackElo "2389"]
[Annotator "Montpellier-Auxerre"]
[PlyCount "56"]
[EventDate "1999.??.??"]

1. d4 d5 2. c4 c6 3. Nc3 Nf6 4. Nf3 e6 5. Bg5 dxc4 6. e4 b5 7. e5 h6 8. Bh4 g5
9. Nxg5 hxg5 10. Bxg5 Nbd7 11. g3 Rg8 12. h4 Bb7 13. exf6 b4 14. Ne4 c5 15. Bg2
Qb6 16. dxc5 Bxc5 17. Nxc5 Nxc5 18. Bxb7 Qxb7 19. O-O Rd8 20. Qh5 Rd3 21. Rfe1
Qd5 22. g4 Qf3 23. Re3 Rd1+ 24. Rxd1 Qxd1+ 25. Kg2 Qd5+ 26. f3 Qd2+ 27. Kg3 Qd1
28. Bf4 Qg1+ 1/2-1/2

[Event "tm FRA 1st"]
[Site "France"]
[Date "1999.??.??"]
[Round "11"]
[White "Nicoara, Malina"]
[Black "Julian, Stephane"]
[Result "1-0"]
[WhiteElo "2245"]
[BlackElo "2169"]
[Annotator "Auxerre-Montpellier"]
[PlyCount "51"]
[EventDate "1999.??.??"]

1. d4 Nf6 2. c4 e6 3. Nc3 Bb4 4. Qc2 c5 5. dxc5 O-O 6. a3 Bxc5 7. Nf3 d5 8. Bg5
d4 9. O-O-O Nc6 10. e3 e5 11. Nd5 Be7 12. Nxe7+ Qxe7 13. exd4 exd4 14. Bd3 h6
15. h4 Be6 16. Kb1 Rfc8 17. Rde1 b5 18. cxb5 Nb4 19. Qd2 Nxd3 20. Qxd3 Qc5 21.
Rxe6 fxe6 22. Bxf6 gxf6 23. Qg6+ Kf8 24. Qxf6+ Ke8 25. Qxe6+ Kd8 26. Qf6+ 1-0

[Event "tm FRA 1st"]
[Site "France"]
[Date "1999.??.??"]
[Round "11"]
[White "Letreguilly, Olivier"]
[Black "Chevrier, Thomas"]
[Result "1-0"]
[WhiteElo "2245"]
[BlackElo "2156"]
[Annotator "Montpellier-Auxerre"]
[PlyCount "111"]
[EventDate "1999.??.??"]

1. d4 f5 2. g3 Nf6 3. Bg2 e6 4. Nf3 Be7 5. c4 d6 6. b3 O-O 7. O-O Qe8 8. Nc3 a6
9. Qc2 Qg6 10. Ba3 Nbd7 11. d5 Nc5 12. dxe6 Bxe6 13. Nd4 Bc8 14. Nd5 Nxd5 15.
cxd5 Bd8 16. Bxc5 dxc5 17. Qxc5 Bf6 18. Rad1 Be5 19. Ne6 Rf7 20. Qe3 Bd6 21.
Qg5 Qxg5 22. Nxg5 Re7 23. Ne6 Bd7 24. Nd4 g6 25. e3 Bb5 26. Nxb5 axb5 27. Rd2
Ra3 28. Rc1 Kf7 29. Kf1 Re8 30. Re2 Kf6 31. Ke1 g5 32. f4 gxf4 33. gxf4 b6 34.
Rcc2 b4 35. Kd2 Ra5 36. Kd3 Re7 37. Rf2 Rc5 38. Rxc5 Bxc5 39. Rf3 Rg7 40. Bf1
Re7 41. Rg3 Rd7 42. Bg2 Rg7 43. Bf3 Rxg3 44. hxg3 h6 45. Bh5 Bd6 46. Ke2 Bc5
47. g4 fxg4 48. Bxg4 Ke7 49. Kd3 Kd6 50. Bf3 h5 51. Bxh5 Kxd5 52. Bg4 Kd6 53.
e4 Bg1 54. e5+ Ke7 55. f5 Bh2 56. Ke4 1-0